LIBRARY & INFORMATION CENTRE, KCAET, TAVANUR

ONLINE PUBLIC ACCESS CATALOGUE (OPAC)

Food science ,chemistry and experimental foods / (Record no. 2673)

MARC details
000 -LEADER
fixed length control field 00487cam a2200181ua 4500
041 ## - LANGUAGE CODE
Language code of text/sound track or separate title eng
082 ## - DEWEY DECIMAL CLASSIFICATION NUMBER
Classification number 664.002
Item number SWA/FO
100 ## - MAIN ENTRY--AUTHOR NAME
Personal name Swaminathan, M .
245 ## - TITLE STATEMENT
Title Food science ,chemistry and experimental foods /
250 ## - EDITION STATEMENT
Edition statement 2 /
260 ## - PUBLICATION, DISTRIBUTION, ETC. (IMPRINT)
Place of publication Banglore :
Name of publisher Banglore printing and publishing co. Ltd ,
Year of publication 1995.
300 ## - PHYSICAL DESCRIPTION
Number of Pages 472 ; .
942 ## - ADDED ENTRY ELEMENTS (KOHA)
Koha item type Books
Holdings
Withdrawn status Lost status Damaged status Home library Current library Date acquired Full call number Accession Number Koha item type
      KAUAET KAUAET 07/04/2012 664.002 19526 Books
free website counter